000 00906nam a2200205Ia 4500
008 0000001993 pr a 0000000000mul00
090 _aPPR00 R83l
100 1 _aRuiz de la Mata, Ernesto J.
245 1 0 _aLorenzo Homar a los 80 años
_c/ essay Ernesto J. Ruiz de la Mata ; photography Robert Moya, John Betancourt, Jochi Melero
300 _a[24] p.
_c/ 24 cm.
500 _aExposición realizada en la Galeria Palomas de San Juan de Puerto Rico en 1993 \ Incluye datos biográficos y cronología artística \ Texto en español e inglés
600 0 0 _a HOMAR, LORENZO, 19132004/
_xTRABAJOS ARTISTICOS
650 1 4 _a PINTURA PUERTORRIQUEÑA
650 1 4 _aARTE GRAFICO PUERTORRIQUEÑO
650 1 4 _xCATALOGOS
650 1 4 _aDIBUJOS PUERTORRIQUEÑOS
650 1 4 _xEXPOSICIONES
650 1 4 _aPINTORES PUERTORRIQUEÑOS
999 _c15738
_d15738
260 _aSan Juan (Puerto Rico) : Galeria Palomas
_c1993